000 00698nam a2200265Ia 4500
003 OSt
005 20221007111816.0
006 a|||||r|||| 00| 0
007 ta
008 221006b |||||||| |||| 00| 0 eng d
020 _a8174761675
024 _a24,339
037 _cTextual
040 _aLCO
_cLCO
_beng
041 _2eng
_aeng
082 _aV2' N, M4
100 _aPalkhivala Nani A.
_9100159
245 0 _aWe ,The People
260 _aNew
_bDelhi UBS Publisher's Distributors Pvt. Ltd. India
_c1984
300 _a368
500 _aIndia- The Largest Democracy
650 _aPEOPLE
942 _hV2' N, M4
_cTEXL
999 _c1193902
_d1193902